000 01334nam a2200289Ia 4500
999 _c56043
_d56043
001 23143
003 GE_BSU
005 20230719105732.0
008 181216s1960||||ge |||||||||||||| ||geo||
040 _cGE_BSU
041 _ageo
080 _a821.133.1-31 დ-56
100 _aდიუმა, ა.
_919423
245 _aსამი მუშკეტერი :
_bრომანი /
_cა. დიუმა ; თარგმ. ფრანგ. ივანე მაჭავარიანი ; ილ. ი. კუსკოვის ; რედ. ნ. ლორთქიფანიძე.
260 _aთბილისი
260 _bნაკადული
260 _c1960
300 _a863 გვ. :
_bილ. ;
_c21 სმ.
490 _aსათავგადასავლო ბიბლიოთეკა
500 _aდანართი : "ა. დიუმა" გვ. 657-661
541 _h5ლ. 40თ.
653 _aსამი მუშკეტერი : რომანი
700 _aმაჭავარიანი, ივანე
_eმთარგმნელი
_919424
700 _aკუსკოვი, ი.
_eილუსტრაცია
_919425
700 _aმაჭავარიანი, ივანე
_eრედაქტორი
_919426
942 _cBK
_2udc